000 00664nam a2200229 i 4500
001 bg
245 1 0 _aWybory do Parlamentu Europejskiego :
_bczerwiec 2004 /
_cUrząd Komitetu Integracji Europejskiej.
260 _aWarszawa :
_bUKIE,
_c2004.
300 _a39 s. ;
_c24 cm.
490 1 _aBiblioteka Europejska ;
_v30
504 _aBibliogr.
650 9 _aWybory do Parlamentu Europejskiego
710 0 _aUrząd Komitetu Integracji Europejskiej
830 _aBiblioteka Europejska ;
020 _a8389218933
040 _cBPK
041 0 _apol
080 _a324(4)
920 _a83-89218-93-3
942 _cKS
008 s pl f |000 0 pol
999 _c45301
_d45301
856 _uhttp://koha.tu.koszalin.pl/cgi-bin/koha/opac-detail.pl?biblionumber=45301
_yKatalog online BPK